How to create social media contents based on Motivational Interviewing approach to support tobacco use cessation? A content analysis

Objective This study aimed at identifying which types of social media content could achieve positive differences in Facebook users' interactions and smokers' motivational language between posts with and without motivational interviewing (MI) content. Methods We included 701 Facebook posts...

Teljes leírás

Elmentve itt :
Bibliográfiai részletek
Szerzők: Pócs Dávid
Óvári Tímea
Watti Jezdancher
Hamvai Csaba
Kelemen Oguz
Dokumentumtípus: Cikk
Megjelent: 2022
Sorozat:JOURNAL OF SUBSTANCE USE 27 No. 6
Tárgyszavak:
doi:10.1080/14659891.2021.1967484

mtmt:32380401
Online Access:http://publicatio.bibl.u-szeged.hu/24771
LEADER 02529nab a2200277 i 4500
001 publ24771
005 20230322120459.0
008 220727s2022 hu o 0|| Angol d
022 |a 1465-9891 
024 7 |a 10.1080/14659891.2021.1967484  |2 doi 
024 7 |a 32380401  |2 mtmt 
040 |a SZTE Publicatio Repozitórium  |b hun 
041 |a Angol 
100 1 |a Pócs Dávid 
245 1 0 |a How to create social media contents based on Motivational Interviewing approach to support tobacco use cessation? A content analysis  |h [elektronikus dokumentum] /  |c  Pócs Dávid 
260 |c 2022 
300 |a 591-597 
490 0 |a JOURNAL OF SUBSTANCE USE  |v 27 No. 6 
520 3 |a Objective This study aimed at identifying which types of social media content could achieve positive differences in Facebook users' interactions and smokers' motivational language between posts with and without motivational interviewing (MI) content. Methods We included 701 Facebook posts (N = 701) which were categorized into five different groups according to specific MI strategies. The control group comprised entertaining and informative posts. Primary outcomes were Facebook users' interactions: engagement rate, negative feedback, and fan-total reach ratio. Secondary outcomes were Facebook post comments reflecting smokers' motivational language: change talk and sustain talk. Results Facebook posts which used MI strategies were associated with significantly higher engagement rate, higher fan-total reach ratio, and more change talk compared to the control group. Of specific MI strategies, "elaborating change talk" strategies elicited considerably more change talk. "Affirming change talk" strategies obtained higher fan-total reach ratio and generated significantly more change talk. Finally, "relational MI" strategies achieved significantly higher engagement rate.. Conclusions Social media contents based on MI increased engagement and generated conversation about tobacco use cessation without relevant negative feedback. The findings suggest that MI strategies may play a promising role in creation of social media contents to support tobacco use cessation. 
650 4 |a Klinikai orvostan 
650 4 |a Pszichológia 
700 0 1 |a Óvári Tímea  |e aut 
700 0 1 |a Watti Jezdancher  |e aut 
700 0 1 |a Hamvai Csaba  |e aut 
700 0 1 |a Kelemen Oguz  |e aut 
856 4 0 |u http://publicatio.bibl.u-szeged.hu/24771/1/HowtocreatesocialmediacontentsbasedonMotivationalInterviewingapproachtosupporttobaccousecessationAcontentanalysis.pdf  |z Dokumentum-elérés